000 00687nam a2200229Ii 4500
003 JO-AjNU
008 230605s9999||||xx |||||||||||||| ||und||
017 _a2003/4/778
020 _a9957-09-129-8
040 _aJO-AjNU
_bara
_erda
_cJO-AjNU
041 _aara
050 1 4 _aPJ7842.H695.S5 2003
100 3 _aتأليف خريس، سميحة,
_eauthor
_949388
245 0 0 _aالصحن: رواية
250 _aط1
264 3 1 _aعمان:أزمنة للنشر والتوزيع،2003
300 _a137ص
336 _atext
_btxt
_2rdacontent
337 _aunmediated
_bn
_2rdamedia
338 _avolume
_bnc
_2rdacarrier
650 4 _aالأدب العربي - روايات
_949389
999 _aA21689
_c25257
_d25257